25 Most Populous Countries in Asia - Map Quiz - Statistics

General Stats
  • This quiz has been taken 60 times
  • The average score is 21 of 25
Answers on the Map
Answers color-coded by a green-red scale on the quiz's map according to % correct below.
 
Answer Stats
Answer % Correct
China
98%
India
96%
Indonesia
91%
Philippines
91%
Japan
89%
Turkey
89%
Pakistan
87%
North Korea
85%
Saudi Arabia
85%
Sri Lanka
85%
Vietnam
85%
Yemen
85%
Bangladesh
83%
Kazakhstan
83%
Nepal
83%
South Korea
83%
Taiwan
83%
Iraq
80%
Malaysia
80%
Myanmar
80%
Uzbekistan
80%
Afghanistan
78%
Iran
78%
Syria
78%
Thailand
78%
No matching quizzes found
Score Distribution
Percent of People with Each Score
Percentile by Number Answered
Your Score History
You have not taken this quiz